The nature of scientific discovery : A symposium commemorating the 500th anniversary of the birth of Nicolaus Copernicus

Contents: Conpernicus' birthday in 1473 signaled the beginning of a 500-year Age of Discovery, of which we are still a part. This symposium, organized jointly by the Smithsonian Institution and the National Academy of Sciences, was the major tribute of the United States in the worldwide observa...

Deskribapen osoa

Gorde:
Xehetasun bibliografikoak
Formatua: Liburua
Hizkuntza:Undetermined
Argitaratua: Washington Smithsonian Institution Press 1975
Gaiak:
Etiketak: Etiketa erantsi
Etiketarik gabe, Izan zaitez lehena erregistro honi etiketa jartzen!
Thư viện lưu trữ: Trung tâm Học liệu Trường Đại học Cần Thơ
LEADER 01026nam a2200193Ia 4500
001 CTU_222145
008 210402s9999 xx 000 0 und d
082 |a 520.924 
082 |b S989 
245 4 |a The nature of scientific discovery : 
245 2 |b A symposium commemorating the 500th anniversary of the birth of Nicolaus Copernicus 
245 0 |c Edited by Owen Gingerich 
260 |a Washington 
260 |b Smithsonian Institution Press 
260 |c 1975 
520 |a Contents: Conpernicus' birthday in 1473 signaled the beginning of a 500-year Age of Discovery, of which we are still a part. This symposium, organized jointly by the Smithsonian Institution and the National Academy of Sciences, was the major tribute of the United States in the worldwide observance of the Copernican quinquecentennial; it celebrated both the man and the larger theme of the process of discovery itself. 
650 |a Astronomy,Thiên văn học 
904 |i Tuyến 
980 |a Trung tâm Học liệu Trường Đại học Cần Thơ